[Event "Titled Tuesday intern op 14th Nov Early"]
[Site "Chess.com INT"]
[Date "2023.11.14"]
[Round "3"]
[White "Mitrabha, Guha"]
[Black "Borsuk, Konstantin"]
[Result "1-0"]
[WhiteElo "2516"]
[BlackElo "2425"]
[PlyCount "97"]
[EventDate "2023.11.14"]
[EventType "swiss (blitz)"]
[EventRounds "11"]
[EventCountry "USA"]
[SourceTitle "CB47_2023"]
[SourceDate "2023.11.22"]
[SourceVersion "1"]
[SourceVersionDate "2023.11.22"]
[SourceQuality "1"]

1. Nf3 e6 2. c4 Nf6 3. g3 b6 4. Bg2 Bb7 5. 0-0 g6 6. b3 Bg7 7. Bb2 0-0 8. d4 d6 9. Nc3 Ne4 10. Qc2 f5 11. Rfd1 Nd7 12. e3 a6 13. Ne2 g5 14. Nd2 d5 15. Nf3 Rc8 16. Rac1 Qe7 17. Qb1 h6 18. a3 Ba8 19. a4 Rfd8 20. Qa1 Qf7 21. Rc2 Qh5 22. Rdc1 c6 23. a5 b5 24. cxb5 axb5 25. a6 Qf7 26. Qa5 Bf8 27. Nc3 Rb8 28. Na2 b4 29. Bf1 Qe8 30. Ra1 c5 31. dxc5 Ndxc5 32. Nc1 Bg7 33. Bxg7 Kxg7 34. Rxc5 Nxc5 35. Qxc5 Qf8 36. Qd4+ Qf6 37. Ne5 Rbc8 38. Ncd3 Rb8 39. Rc1 Rdc8 40. Qa7+ Kg8 41. Rxc8+ Rxc8 42. Qd7 Rf8 43. Be2 f4 44. exf4 gxf4 45. gxf4 d4 46. Bh5 Be4 47. f3 Bf5 48. Bf7+ Kh8 49. Bh5 1-0

[Event "Morshyn Saint Charbel Cup"]
[Site "Morshyn"]
[Date "2023.09.07"]
[Round "4"]
[White "Fishchuk, Vladyslav"]
[Black "Borsuk, Konstantin"]
[Result "0-1"]
[WhiteElo "2204"]
[BlackElo "2436"]
[PlyCount "70"]
[EventDate "2023.09.05"]
[EventType "tourn"]
[EventRounds "9"]
[EventCountry "UKR"]
[EventCategory "6"]
[SourceTitle "EXT 2024"]
[Source "ChessBase"]
[SourceDate "2023.10.10"]
[SourceVersion "1"]
[SourceVersionDate "2023.10.10"]
[SourceQuality "1"]

1. d4 Nf6 2. c4 e6 3. Nf3 Bb4+ 4. Nbd2 0-0 5. a3 Be7 6. e4 d6 7. Be2 Nfd7 8. Nb1 c5 9. Nc3 a6 10. d5 e5 11. Be3 Nf6 12. Nd2 Ne8 13. h4 Bxh4 14. g3 Bg5 15. f4 exf4 16. gxf4 Bh4+ 17. Kf1 Nd7 18. Nf3 Bf6 19. Qd3 g6 20. Kf2 b5 21. Rag1 bxc4 22. Qd2 Rb8 23. Bxc4 Bg7 24. Kf1 Nb6 25. Bd3 Nf6 26. f5 Re8 27. Qh2 Nbd7 28. Qxd6 Rxb2 29. Qf4 Qa5 30. Bd2 Qxa3 31. Rh2 Rb3 32. Nb1 Qa1 33. e5 Rxd3 34. exf6 Nxf6 35. fxg6 fxg6 0-1

[Event "Morshyn Saint Charbel Cup Blitz"]
[Site "Morshyn"]
[Date "2023.09.04"]
[Round "1"]
[White "Borsuk, Konstantin"]
[Black "Haydon, David Leslie"]
[Result "1/2-1/2"]
[WhiteElo "2436"]
[BlackElo "2230"]
[PlyCount "105"]
[EventDate "2023.09.04"]
[EventType "tourn (blitz)"]
[EventRounds "9"]
[EventCountry "UKR"]
[EventCategory "6"]
[SourceTitle "EXT 2024"]
[Source "ChessBase"]
[SourceDate "2023.10.10"]
[SourceVersion "1"]
[SourceVersionDate "2023.10.10"]
[SourceQuality "1"]

1. d4 Nf6 2. c4 e6 3. Nc3 d5 4. cxd5 exd5 5. Bg5 c6 6. e3 Bf5 7. Qf3 Be6 8. Bxf6 gxf6 9. Bd3 Nd7 10. Nge2 Bd6 11. Ng3 Qb6 12. Rb1 0-0-0 13. Nf5 Bf8 14. 0-0 h6 15. b4 a6 16. Na4 Qc7 17. Nc5 Nb6 18. a4 Nc4 19. Qe2 Bxf5 20. Bxf5+ Kb8 21. b5 cxb5 22. axb5 Bxc5 23. dxc5 Qxc5 24. bxa6 b6 25. Rb3 Ka7 26. Rfb1 Rb8 27. Bd3 Rhc8 28. Rb5 Qc6 29. R5b3 Qc5 30. g3 Ne5 31. Rb5 Qc6 32. Bf5 Rc7 33. Rd1 Rd8 34. Rb4 Qc5 35. Rbd4 Nc6 36. R4d2 Re7 37. Qf3 d4 38. exd4 Rxd4 39. Bh3 Rxd2 40. Rxd2 Nd4 41. Qd1 Re1+ 42. Qxe1 Nf3+ 43. Kf1 Nxe1 44. Kxe1 Qc1+ 45. Ke2 Qc4+ 46. Ke3 Qc5+ 47. Rd4 Qg5+ 48. Rf4 Qe5+ 49. Kf3 Qd5+ 50. Ke2 Qh5+ 51. Bg4 Qe5+ 52. Kf1 Qa1+ 53. Kg2 1/2-1/2

[Event "Titled Tuesday intern op 15th Feb Early"]
[Site "Chess.com INT"]
[Date "2022.02.15"]
[Round "3"]
[White "Borsuk, Konstantin"]
[Black "Namitbir, Singh Walia"]
[Result "0-1"]
[WhiteElo "2436"]
[BlackElo "2293"]
[PlyCount "62"]
[EventDate "2022.02.15"]
[EventType "swiss (blitz)"]
[EventRounds "11"]
[EventCountry "USA"]
[SourceTitle "CBM 206 Extra"]
[Source "ChessBase"]
[SourceDate "2022.03.31"]
[SourceVersion "1"]
[SourceVersionDate "2022.03.31"]
[SourceQuality "1"]

1. d4 Nf6 2. c4 e6 3. Nc3 Bb4 4. Qc2 b6 5. f3 c5 6. a3 Bxc3+ 7. bxc3 Bb7 8. e4 d6 9. d5 0-0 10. Bd3 Nbd7 11. Ne2 Ne5 12. Bf4 exd5 13. Bxe5 dxe4 14. Bxf6 exd3 15. Bxd8 dxc2 16. Bh4 Rfe8 17. Kd2 Ba6 18. Nc1 Bxc4 19. Kxc2 Re6 20. Re1 Rg6 21. g3 f6 22. f4 Rh6 23. Rd1 Rh5 24. Rxd6 g5 25. Rxf6 gxh4 26. g4 Rd5 27. a4 Rad8 28. a5 Rd2+ 29. Kb1 bxa5 30. Rxa5 Rb8+ 31. Ka1 Rd1 0-1

[Event "Titled Tuesday intern op 11th Jan"]
[Site "Chess.com INT"]
[Date "2022.01.11"]
[Round "3"]
[White "Belenkaya, Dina"]
[Black "Borsuk, Konstantin"]
[Result "0-1"]
[WhiteElo "2277"]
[BlackElo "2436"]
[PlyCount "96"]
[EventDate "2022.01.11"]
[EventType "swiss (blitz)"]
[EventRounds "11"]
[EventCountry "USA"]
[SourceTitle "CBM 206 Extra"]
[Source "ChessBase"]
[SourceDate "2022.03.31"]
[SourceVersion "1"]
[SourceVersionDate "2022.03.31"]
[SourceQuality "1"]

1. Nf3 Nf6 2. g3 b6 3. Bg2 Bb7 4. d3 g6 5. Nbd2 Bg7 6. e4 0-0 7. 0-0 c5 8. e5 Ne8 9. Ne4 Nc6 10. Bf4 Nc7 11. Qd2 Ne6 12. Bh6 Re8 13. Bxg7 Kxg7 14. h4 Qc7 15. h5 Nxe5 16. Nfg5 Nxg5 17. Qxg5 h6 18. Qh4 f5 19. f4 fxe4 20. fxe5 Qxe5 21. hxg6 Kxg6 22. Qg4+ Qg5 23. Qxd7 Bd5 24. dxe4 Bc4 25. Rf5 Qxg3 26. Rf3 Qg5 27. Qh3 Kh7 28. Rg3 Qe5 29. Kh1 Rg8 30. Rg4 Be6 31. Bf3 Bxg4 32. Bxg4 Rg5 33. Bf5+ Kg7 34. Rf1 Re8 35. Qf3 Rf8 36. Rg1 e6 37. Rxg5+ hxg5 38. Qh5 exf5 39. Qxg5+ Kf7 40. Qh5+ Ke7 41. Qh7+ Rf7 42. Qh4+ Ke6 43. Qh6+ Rf6 44. Qh8 Qxe4+ 45. Kh2 Qf4+ 46. Kh1 Qf3+ 47. Kh2 Rg6 48. Qf8 Qg2# 0-1

[Event "Titled Tuesday intern op 28th Dec"]
[Site "Chess.com INT"]
[Date "2021.12.28"]
[Round "4"]
[White "Borsuk, Konstantin"]
[Black "Grabowski, Pawel"]
[Result "0-1"]
[WhiteElo "2436"]
[BlackElo "2281"]
[PlyCount "82"]
[EventDate "2021.12.28"]
[EventType "swiss (blitz)"]
[EventRounds "11"]
[EventCountry "USA"]
[SourceTitle "CBM 206 Extra"]
[Source "ChessBase"]
[SourceDate "2022.03.31"]
[SourceVersion "1"]
[SourceVersionDate "2022.03.31"]
[SourceQuality "1"]

1. d4 Nf6 2. c4 g6 3. Nc3 Bg7 4. e4 0-0 5. Be3 d6 6. f3 c6 7. Bd3 a6 8. c5 b5 9. cxb6 Qxb6 10. Qd2 Nbd7 11. Nge2 c5 12. 0-0 cxd4 13. Nxd4 Qb7 14. Bc4 Nb6 15. Bb3 Nfd7 16. Nd5 Nc5 17. Nxb6 Qxb6 18. Bd5 Rb8 19. Nc6 Rb7 20. b4 e6 21. bxc5 dxc5 22. Rac1 exd5 23. Bxc5 Qb5 24. Bxf8 Bxf8 25. Qxd5 Qb6+ 26. Qd4 Be6 27. a4 Qb3 28. a5 Rd7 29. Qc3 Qb5 30. Nd4 Qe5 31. Nxe6 Qxe6 32. g3 h5 33. Kg2 h4 34. g4 h3+ 35. Kxh3 Bg7 36. Qe3 Kh7 37. Kg2 Bh6 38. g5 Bg7 39. h4 Rb7 40. Rf2 Rb3 41. Rd1 Rxe3 0-1

[Event "Titled Tuesday intern op 28th Dec"]
[Site "Chess.com INT"]
[Date "2021.12.28"]
[Round "3"]
[White "Lakshmi, Chidambaram"]
[Black "Borsuk, Konstantin"]
[Result "0-1"]
[WhiteElo "2058"]
[BlackElo "2436"]
[PlyCount "74"]
[EventDate "2021.12.28"]
[EventType "swiss (blitz)"]
[EventRounds "11"]
[EventCountry "USA"]
[SourceTitle "CBM 206 Extra"]
[Source "ChessBase"]
[SourceDate "2022.03.31"]
[SourceVersion "1"]
[SourceVersionDate "2022.03.31"]
[SourceQuality "1"]

1. d4 Nf6 2. c4 e6 3. Nc3 Bb4 4. Nf3 b6 5. e3 Bb7 6. a3 Bxc3+ 7. bxc3 d6 8. Bd3 c5 9. 0-0 Nc6 10. Re1 e5 11. Bb1 Qe7 12. Nh4 g6 13. Nf3 h6 14. Nd2 Na5 15. d5 Nd7 16. Bd3 f5 17. e4 0-0 18. exf5 gxf5 19. Qh5 Qg5 20. Qh3 Qg7 21. Bxf5 Nf6 22. Be6+ Kh7 23. Nf3 Bc8 24. Ng5+ Kh8 25. Bxc8 Raxc8 26. Ne6 Qh7 27. Nxf8 Rxf8 28. Qxh6 Rf7 29. Qxh7+ Kxh7 30. f4 e4 31. Be3 Nxc4 32. Rad1 Nxa3 33. Re2 Nc4 34. h3 a5 35. g4 b5 36. Bf2 b4 37. cxb4 axb4 0-1

[Event "Titled Tuesday intern op 30th Nov"]
[Site "Chess.com INT"]
[Date "2021.11.30"]
[Round "6"]
[White "Awatramani, Janak"]
[Black "Borsuk, Konstantin"]
[Result "0-1"]
[WhiteElo "2213"]
[BlackElo "2432"]
[PlyCount "116"]
[EventDate "2021.11.30"]
[EventType "swiss (blitz)"]
[EventRounds "11"]
[EventCountry "USA"]
[SourceTitle "CBM 205 Extra"]
[Source "ChessBase"]
[SourceDate "2022.01.31"]
[SourceVersion "1"]
[SourceVersionDate "2022.01.31"]
[SourceQuality "1"]

1. e4 e6 2. d4 d5 3. Nc3 Bb4 4. e5 b6 5. Qg4 Bf8 6. Nce2 Ba6 7. f4 h5 8. Qh3 c5 9. c3 Nc6 10. Nf3 Nge7 11. Be3 Rc8 12. Bf2 Nf5 13. g4 hxg4 14. Qxh8 gxf3 15. Ng3 Bxf1 16. Nxf5 Bg2 17. Nd6+ Kd7 18. Nxc8 Qxc8 19. 0-0-0 cxd4 20. Rhe1 dxc3 21. Qh5 g6 22. Qh7 Ke8 23. bxc3 Na5 24. Bd4 f2 25. Rf1 Ba3+ 26. Kd2 Bxf1 27. Rxf1 Qc4 28. Qh8+ Kd7 29. Rxf2 Qxa2+ 30. Ke3 Nc4+ 31. Kf3 Qb1 32. Qa8 Qe4+ 33. Kg3 Qd3+ 34. Kg2 Ke7 35. Qxa7+ Kf8 36. Qb8+ Kg7 37. Qd8 Qd1 38. Qf6+ Kg8 39. Qd8+ Bf8 40. Qh4 Nd2 41. Qg3 Ne4 42. Qf3 Qb1 43. Re2 b5 44. h4 b4 45. cxb4 Qxb4 46. Bf2 Qe7 47. h5 Bh6 48. hxg6 fxg6 49. Qg4 Qf7 50. Rc2 Bxf4 51. Rc8+ Kg7 52. Qh3 Bh6 53. Bh4 g5 54. Bg3 Kg6 55. Qg4 Qf5 56. Qe2 g4 57. Rc6 Bg5 58. Qd3 Nxg3 0-1

[Event "Titled Tuesday intern op 30th Nov"]
[Site "Chess.com INT"]
[Date "2021.11.30"]
[Round "8"]
[White "Borsuk, Konstantin"]
[Black "Durarbayli, Vasif"]
[Result "0-1"]
[WhiteElo "2432"]
[BlackElo "2629"]
[PlyCount "48"]
[EventDate "2021.11.30"]
[EventType "swiss (blitz)"]
[EventRounds "11"]
[EventCountry "USA"]
[SourceTitle "CBM 205 Extra"]
[Source "ChessBase"]
[SourceDate "2022.01.31"]
[SourceVersion "1"]
[SourceVersionDate "2022.01.31"]
[SourceQuality "1"]

1. d4 Nf6 2. c4 e6 3. Nc3 Bb4 4. Qc2 Bxc3+ 5. Qxc3 d6 6. f3 Nbd7 7. e4 e5 8. d5 0-0 9. g4 Nc5 10. h4 Bxg4 11. fxg4 Nfxe4 12. Qe3 f5 13. b4 f4 14. Qh3 Na6 15. a3 c5 16. b5 Qa5+ 17. Ke2 Ng3+ 18. Kd3 Nb4+ 19. axb4 Qxa1 20. Ne2 Nxh1 21. Qxh1 f3 22. bxc5 fxe2 23. Bxe2 Qd4+ 24. Kc2 Rf2 0-1

[Event "Titled Tuesday intern op 30th Nov"]
[Site "Chess.com INT"]
[Date "2021.11.30"]
[Round "11"]
[White "Borsuk, Konstantin"]
[Black "Gunduz, Umut Erdem"]
[Result "1-0"]
[WhiteElo "2432"]
[BlackElo "2230"]
[PlyCount "81"]
[EventDate "2021.11.30"]
[EventType "swiss (blitz)"]
[EventRounds "11"]
[EventCountry "USA"]
[SourceTitle "CBM 205 Extra"]
[Source "ChessBase"]
[SourceDate "2022.01.31"]
[SourceVersion "1"]
[SourceVersionDate "2022.01.31"]
[SourceQuality "1"]

1. d4 Nf6 2. c4 c5 3. d5 e6 4. Nc3 exd5 5. cxd5 d6 6. Nf3 g6 7. g3 Bg7 8. Bg2 0-0 9. 0-0 a6 10. a4 Nbd7 11. Nd2 Ne5 12. h3 Re8 13. f4 Neg4 14. hxg4 Nxg4 15. Nf3 Ne3 16. Bxe3 Rxe3 17. Qd2 Qe7 18. Rf2 Bg4 19. Nh2 Rxg3 20. Nxg4 Rxg4 21. e3 Re8 22. Re1 Bf6 23. Ree2 Rg3 24. Rf3 Bh4 25. e4 Rxf3 26. Bxf3 Bf6 27. e5 dxe5 28. Ne4 Bg7 29. d6 Qh4 30. Nxc5 Qg3+ 31. Bg2 Bh6 32. d7 Rd8 33. Rxe5 Bxf4 34. Re8+ Kg7 35. Qc3+ Qxc3 36. bxc3 Bc7 37. Bxb7 Bb6 38. Kg2 Kf6 39. Bxa6 h5 40. Bb5 g5 41. Nb7 1-0

[Event "Budapest Vezerkepzo IM 11"]
[Site "Budapest"]
[Date "2021.11.24"]
[Round "7"]
[White "Borsuk, Konstantin"]
[Black "Palczert, Matyas"]
[Result "1-0"]
[WhiteElo "2432"]
[BlackElo "2212"]
[PlyCount "115"]
[EventDate "2021.11.18"]
[EventType "tourn"]
[EventRounds "9"]
[EventCountry "HUN"]
[SourceTitle "CBM 205 Extra"]
[Source "ChessBase"]
[SourceDate "2022.01.31"]
[SourceVersion "1"]
[SourceVersionDate "2022.01.31"]
[SourceQuality "1"]

1. c4 Nf6 2. Nf3 e6 3. g3 d5 4. Bg2 Be7 5. 0-0 0-0 6. b3 b6 7. cxd5 Nxd5 8. d4 Bb7 9. e4 Nf6 10. e5 Nd5 11. Bb2 c5 12. dxc5 Bxc5 13. a3 a5 14. Nbd2 Nd7 15. h4 Be7 16. Qb1 Nc5 17. Rd1 Qc7 18. Bd4 Rfd8 19. Rc1 Qb8 20. Bxc5 Bxc5 21. Ne4 Bf8 22. Neg5 g6 23. h5 Ne7 24. hxg6 hxg6 25. Ne4 Bg7 26. Nf6+ Bxf6 27. exf6 Nf5 28. Re1 Bd5 29. Qc1 Qd6 30. Qg5 Bxf3 31. Bxf3 Rac8 32. Rad1 Qxa3 33. g4 Nd4 34. Be4 Qc5 35. Qh6 Qf8 36. Qe3 e5 37. Qg5 Rc5 38. Qh4 Ne2+ 39. Rxe2 Rxd1+ 40. Kh2 Rcc1 41. Re3 Qb4 42. Rh3 Rh1+ 43. Bxh1 Qf4+ 44. Qg3 Qxf6 45. g5 Qf5 46. Qh4 Kf8 47. Be4 Qf4+ 48. Qxf4 exf4 49. Rd3 Rc5 50. Rd5 Rxd5 51. Bxd5 Ke7 52. Kh3 f6 53. Kg4 fxg5 54. Kxg5 Kd6 55. Bf7 Ke5 56. Bxg6 b5 57. Be8 b4 58. f3 1-0

[Event "Budapest Vezerkepzo IM 11"]
[Site "Budapest"]
[Date "2021.11.19"]
[Round "2"]
[White "Borsuk, Konstantin"]
[Black "Daroczi, Donat"]
[Result "1-0"]
[WhiteElo "2432"]
[BlackElo "2220"]
[PlyCount "83"]
[EventDate "2021.11.18"]
[EventType "tourn"]
[EventRounds "9"]
[EventCountry "HUN"]
[SourceTitle "CBM 205 Extra"]
[Source "ChessBase"]
[SourceDate "2022.01.31"]
[SourceVersion "1"]
[SourceVersionDate "2022.01.31"]
[SourceQuality "1"]

1. d4 d5 2. c4 c6 3. Nf3 Nf6 4. Nc3 e6 5. e3 Nbd7 6. Qc2 Bd6 7. g4 h6 8. h3 e5 9. cxd5 cxd5 10. Bd2 e4 11. Nb5 Bb8 12. Rc1 0-0 13. Bb4 Re8 14. Nd2 Nb6 15. Nc7 Bxc7 16. Qxc7 Qxc7 17. Rxc7 Rb8 18. Nb3 Bd7 19. Na5 Na8 20. Rc3 b6 21. Nc6 Bxc6 22. Rxc6 Rbc8 23. Rxc8 Rxc8 24. Kd2 Nc7 25. Be2 Ne6 26. h4 g6 27. a4 a5 28. Bd6 Ne8 29. Bg3 Kf8 30. b4 Ke7 31. Ba6 Rd8 32. Rc1 axb4 33. Rc6 Ra8 34. Rxb6 N8c7 35. Bb5 Nxb5 36. axb5 Ra2+ 37. Kc1 Nd8 38. Ra6 Ra3 39. Kb2 Kd7 40. Rd6+ Kc8 41. b6 Ra5 42. Rxd8+ 1-0

[Event "Budapest FS11 IM"]
[Site "Budapest"]
[Date "2021.11.15"]
[Round "10"]
[White "Borsuk, Konstantin"]
[Black "Walker, Martin Graham"]
[Result "1-0"]
[WhiteElo "2432"]
[BlackElo "2196"]
[PlyCount "111"]
[EventDate "2021.11.06"]
[EventType "tourn"]
[EventRounds "11"]
[EventCountry "HUN"]
[EventCategory "1"]
[SourceTitle "CBM 205 Extra"]
[Source "ChessBase"]
[SourceDate "2022.01.31"]
[SourceVersion "1"]
[SourceVersionDate "2022.01.31"]
[SourceQuality "1"]

1. d4 Nf6 2. c4 g6 3. Nc3 d5 4. Bf4 Bg7 5. e3 0-0 6. Rc1 c6 7. Nf3 Qa5 8. Qd2 Bf5 9. h3 Qd8 10. Be2 dxc4 11. Bxc4 Ne4 12. Qe2 Nxc3 13. bxc3 Be4 14. 0-0 Nd7 15. Bb3 Bxf3 16. Qxf3 e5 17. Bh2 Qe7 18. Rcd1 Nb6 19. Qe4 Rfe8 20. a4 exd4 21. Qxe7 Rxe7 22. cxd4 Rd7 23. Rb1 Rad8 24. Rfc1 Nc8 25. a5 a6 26. d5 cxd5 27. Bc7 Rf8 28. Ba4 Re7 29. Rxb7 Nd6 30. Rb6 Nc4 31. Rc6 Re6 32. Rc5 Nb2 33. Bd7 Nd3 34. Bxe6 fxe6 35. Bd6 Nxc5 36. Rxc5 Ra8 37. Rc6 Bf6 38. Bc5 Kf7 39. Rc7+ Kg8 40. Bb6 Be5 41. Re7 Rc8 42. f4 Bf6 43. Rxe6 Bh4 44. Kh2 Rc1 45. Bd4 Kf7 46. Rxa6 h5 47. g4 Rc2+ 48. Kg1 Re2 49. gxh5 gxh5 50. Ra7+ Ke6 51. Rg7 Re1+ 52. Kh2 Bf2 53. a6 Bxe3 54. a7 Bxd4 55. a8Q Bxg7 56. Qe8+ 1-0

[Event "Titled Tuesday intern op 02nd Nov"]
[Site "Chess.com INT"]
[Date "2021.11.02"]
[Round "5"]
[White "Borsuk, Konstantin"]
[Black "Dilmukhametov, Artur"]
[Result "1-0"]
[WhiteElo "2441"]
[BlackElo "2293"]
[PlyCount "153"]
[EventDate "2021.11.02"]
[EventType "swiss (blitz)"]
[EventRounds "11"]
[EventCountry "USA"]
[SourceTitle "CBM 205 Extra"]
[Source "ChessBase"]
[SourceDate "2022.01.31"]
[SourceVersion "1"]
[SourceVersionDate "2022.01.31"]
[SourceQuality "1"]

1. d4 d5 2. c4 c6 3. Nc3 dxc4 4. e3 Be6 5. Nf3 Nf6 6. Ng5 Bd5 7. e4 h6 8. exd5 hxg5 9. dxc6 Nxc6 10. d5 Ne5 11. Bxg5 Qa5 12. Qd4 Ned7 13. Bxc4 e5 14. dxe6 Qxg5 15. exd7+ Nxd7 16. 0-0 0-0-0 17. Nb5 Bc5 18. Qc3 Kb8 19. b4 Bb6 20. Rfd1 Ne5 21. Rxd8+ Rxd8 22. Be2 a6 23. Na3 Bd4 24. Qc1 Qf6 25. Kh1 Qxf2 26. Qf1 Qe3 27. Nc2 Qh6 28. Nxd4 Rxd4 29. b5 axb5 30. Rb1 b4 31. Re1 Qd6 32. h3 f6 33. Rc1 Rd2 34. Rd1 Rxd1 35. Bxd1 Qd2 36. Bb3 Nd3 37. Qf3 Qe1+ 38. Kh2 Qe5+ 39. Kg1 Qd4+ 40. Kh2 Kc7 41. g3 Qb2+ 42. Kg1 Qc1+ 43. Kh2 Qd2+ 44. Qg2 Nf2 45. g4 Kd6 46. h4 Qf4+ 47. Qg3 Nxg4+ 48. Kh3 Qxg3+ 49. Kxg3 Ne3 50. Kf4 Nd5+ 51. Kf5 Ne7+ 52. Kf4 b6 53. h5 Kc5 54. Ke4 Kd6 55. Bc4 Nc6 56. Kf5 Ne5 57. Bb3 Kc5 58. Ke6 Nd3 59. Kf7 Nf4 60. Bd1 Nxh5 61. Bxh5 f5 62. Kxg7 f4 63. Kf6 Kd4 64. Kf5 Ke3 65. Kg4 f3 66. Kg3 f2 67. Kg2 b5 68. Kf1 Kd2 69. Kxf2 Kc3 70. Bf7 Kb2 71. Bb3 Ka3 72. Ke3 Kb2 73. Kd4 Ka3 74. Kc5 Kb2 75. Kxb5 Ka3 76. Ka5 Kb2 77. Kxb4 1-0

[Event "Titled Tuesday intern op 19th Oct"]
[Site "Chess.com INT"]
[Date "2021.10.19"]
[Round "6"]
[White "Vokhidov, Shamsiddin"]
[Black "Borsuk, Konstantin"]
[Result "0-1"]
[WhiteElo "2521"]
[BlackElo "2441"]
[PlyCount "82"]
[EventDate "2021.10.19"]
[EventType "swiss (blitz)"]
[EventRounds "11"]
[EventCountry "USA"]
[SourceTitle "CBM 204 Extra"]
[Source "ChessBase"]
[SourceDate "2021.11.30"]
[SourceVersion "1"]
[SourceVersionDate "2021.11.30"]
[SourceQuality "1"]

1. e4 e6 2. d4 d5 3. Nc3 Bb4 4. Nge2 Nc6 5. a3 Ba5 6. e5 f6 7. b4 Bb6 8. Na4 fxe5 9. dxe5 Nge7 10. Nxb6 axb6 11. Ng3 0-0 12. Bd3 Nxb4 13. Be2 Ng6 14. 0-0 Nxe5 15. Bb2 Nbc6 16. f4 Nc4 17. Bxc4 dxc4 18. Qe2 Qd5 19. Rad1 Qb5 20. Rb1 Qc5+ 21. Kh1 c3 22. Ne4 Qe7 23. Nxc3 Bd7 24. Nb5 Be8 25. Rbe1 Rf5 26. g4 Rc5 27. c4 Na5 28. Nd4 Nxc4 29. Nxe6 Nxb2 30. Qxb2 Bc6+ 31. Kg1 Rb5 32. Qd4 Rd5 33. Qc3 Rxa3 34. Qb2 Rad3 35. Qa2 Qa3 36. Qe2 Rd2 37. Qc4 Rg2+ 38. Kh1 Qb2 39. Qe4 Rdd2 40. Qe5 Rxh2+ 41. Kg1 Rdg2# 0-1

[Event "Lazy IM"]
[Site "Lazy"]
[Date "2021.10.07"]
[Round "6"]
[White "Borsuk, Konstantin"]
[Black "Selbes, Tarik"]
[Result "1-0"]
[WhiteElo "2441"]
[BlackElo "2283"]
[PlyCount "114"]
[EventDate "2021.10.04"]
[EventType "tourn"]
[EventRounds "9"]
[EventCountry "POL"]
[EventCategory "2"]
[SourceTitle "CBM 204 Extra"]
[Source "ChessBase"]
[SourceDate "2021.11.30"]
[SourceVersion "1"]
[SourceVersionDate "2021.11.30"]
[SourceQuality "1"]

1. d4 Nf6 2. g3 g6 3. Bg2 Bg7 4. e4 d6 5. Ne2 0-0 6. 0-0 e5 7. Nbc3 Nc6 8. dxe5 dxe5 9. Nd5 Bg4 10. h3 Bxe2 11. Qxe2 Nd4 12. Qd1 c6 13. Ne3 Qe7 14. c3 Ne6 15. Qc2 Rfd8 16. a4 b6 17. Nc4 Qc7 18. Be3 b5 19. Nd2 h5 20. Ra2 h4 21. Rfa1 hxg3 22. fxg3 b4 23. a5 Nh5 24. Nf1 bxc3 25. bxc3 Bf8 26. Bf3 Nf6 27. Qf2 Rd3 28. Rc2 Rxe3 29. Nxe3 Ng5 30. Kg2 Bc5 31. Qe2 Kg7 32. Ng4 Nh5 33. Nh2 Rh8 34. h4 Nxg3 35. Kxg3 Ne6 36. Rh1 Nf4 37. Qc4 Qe7 38. Ng4 f5 39. exf5 gxf5 40. Nxe5 Bd6 41. Qf7+ Qxf7 42. Nxf7 Kxf7 43. Bxc6 Rc8 44. Bb7 Rc7 45. a6 Ne2+ 46. Kg2 Nxc3 47. Rh3 Be5 48. Rf2 Kf6 49. h5 Bd4 50. Rd2 Rg7+ 51. Kf3 Be5 52. h6 Rh7 53. Bc6 Kg5 54. Rh1 Bh8 55. Rg2+ Kf6 56. Rg8 Ke7 57. Rb8 Rf7 1-0

[Event "Lazy IM"]
[Site "Lazy"]
[Date "2021.10.06"]
[Round "4"]
[White "Borsuk, Konstantin"]
[Black "Kuegel, Tobias"]
[Result "1/2-1/2"]
[WhiteElo "2441"]
[BlackElo "2244"]
[PlyCount "97"]
[EventDate "2021.10.04"]
[EventType "tourn"]
[EventRounds "9"]
[EventCountry "POL"]
[EventCategory "2"]
[SourceTitle "CBM 204 Extra"]
[Source "ChessBase"]
[SourceDate "2021.11.30"]
[SourceVersion "1"]
[SourceVersionDate "2021.11.30"]
[SourceQuality "1"]

1. d4 Nf6 2. c4 e6 3. Nc3 Bb4 4. Qc2 0-0 5. a3 Bxc3+ 6. Qxc3 d5 7. e3 b6 8. Nf3 Ba6 9. Ne5 dxc4 10. Bxc4 Ne4 11. Qc2 Bxc4 12. Nxc4 Qd5 13. 0-0 Nd7 14. Rd1 f5 15. b3 Qc6 16. a4 Rf6 17. f3 Ng5 18. e4 Rg6 19. Bxg5 Rxg5 20. Qd2 h6 21. d5 Qc5+ 22. Qe3 fxe4 23. dxe6 Nf6 24. f4 Rf5 25. Qxc5 Rxc5 26. Rac1 Re8 27. b4 Rf5 28. Ne3 Rxf4 29. Rxc7 Rxe6 30. b5 Re5 31. Rxa7 Rc5 32. Rb7 Rc3 33. Re1 Ra3 34. Rxb6 Rxa4 35. Rb1 Ra3 36. Rd6 Rd3 37. Rxd3 exd3 38. b6 Nd7 39. b7 Nb8 40. Rb3 Rf7 41. Nc4 Kh7 42. Nd2 g6 43. Nf3 Rd7 44. Rb2 Rc7 45. Ne1 d2 46. Rxd2 Rxb7 47. Nf3 Nd7 48. Rd6 Kg7 49. h3 1/2-1/2